000 01313cam a2200373 a 4500
001 50305
003 GBCCL
005 20241126110353.0
008 870925s1986 enka j b 001 0 eng
010 _a 86218402 /AC
015 _aGB86-18122
020 _a0802836240 (U.S. : jacket)
020 _a0551013729 (UK)
035 _a(OCoLC)16873859
040 _aDLC
_cDLC
_dOCL
_dUKM
049 _aLBBK
_aLBBT
_aLBBC
050 0 _aBS621
_b.D57 1986
082 0 _a220.93
_219
_bDIS
090 _aBS621
_b.D57 1986
245 0 0 _aDiscovering the Bible :
_barchaeologists look at scripture /
_cedited by Tim Dowley.
260 _aBasingstoke, Hants :
_bMarshall Pickering ;
_aGrand Rapids, Mich. :
_bEerdmans,
_cc1986.
300 _a144 p. :
_bcol. ill. ;
_c25 cm.
500 _aIncludes index.
504 _aBibliography: p. 141.
520 _aExplores the results of recent archaeological finds which provide information on events in the Old and New Testaments.
630 0 0 _aBible
_xAntiquities
_vJuvenile literature.
_91944
630 0 1 _aBible
_xAntiquities.
_91889
630 0 4 _aBible
_xEvidences, authority, etc.
_9351
630 0 4 _aBible
_xAntiquities.
_91889
650 1 _aArchaeology.
_91945
653 _aBible
_aHistoricity
_aArchaeological sources
700 1 _aDowley, Tim.
_91946
942 _2ddc
_cBK
_018
999 _c1092
_d1092